Fundamentals of mathematical statistics (Record no. 5817)

MARC details
000 -LEADER
fixed length control field 00612cam a2200217ua 4500
001 - CONTROL NUMBER
control field 6673
005 - DATE AND TIME OF LATEST TRANSACTION
control field 20260515114103.0
008 - FIXED-LENGTH DATA ELEMENTS--GENERAL INFORMATION
fixed length control field 140308n ii |||frmmmmZ001|0|eng
020 ## - INTERNATIONAL STANDARD BOOK NUMBER
International Standard Book Number 81-7014-791-3
040 ## - CATALOGING SOURCE
Transcribing agency MAIN
082 ## - DEWEY DECIMAL CLASSIFICATION NUMBER
Classification number 519.5
245 ## - TITLE STATEMENT
Title Fundamentals of mathematical statistics
Statement of responsibility, etc. By S.C. Gupta
250 ## - EDITION STATEMENT
Edition statement 10th rev. ed.
260 ## - PUBLICATION, DISTRIBUTION, ETC.
Place of publication, distribution, etc. New delhi:
Name of publisher, distributor, etc. Sultan chand & sons,
Date of publication, distribution, etc. 2000.
300 ## - PHYSICAL DESCRIPTION
Extent xxii,16.71p.
653 ## - INDEX TERM--UNCONTROLLED
Uncontrolled term Probabilities & applied mathematics
653 ## - INDEX TERM--UNCONTROLLED
Uncontrolled term Fundamentals of mathematical statistics
700 ## - ADDED ENTRY--PERSONAL NAME
Personal name Gupta,S.C.,
Relator term Author.,
700 ## - ADDED ENTRY--PERSONAL NAME
Personal name Kapoor,V.K.,
Relator term Author.
942 ## - ADDED ENTRY ELEMENTS (KOHA)
Koha item type Books
Holdings
Withdrawn status Lost status Damaged status Not for loan Home library Current library Shelving location Date acquired Total checkouts Full call number Barcode Date last seen Date last checked out Copy number Price effective from Koha item type
        Naharkatiya College Library Naharkatiya College Library General stacks 09/19/2020 1 519.5 | GUP 13554 09/03/2022 08/24/2022 1 09/19/2020 Books
        Naharkatiya College Library Naharkatiya College Library General stacks 09/19/2020   519.5 | GUP 13555 09/19/2020   2 09/19/2020 Books